000 00624cam a22002172 4500
001 0000024916
005 20151217152307.0
008 140328s xx 000 0 eng d
020 _a1907816048 :
040 _aKABU
_cKABU
100 1 _aSinha, Rakesh.
_@0000185202
245 1 0 _aAbdominal imaging /
_cRakesh Sinha.
250 _a1st ed.
260 _aLondon :
_bJP Medical,
_c2011.
300 _aix, 225 p.
650 0 _aAbdomen
_xImaging.
_@0000185203
650 0 _aAbdomen
_xDiseases
_xDiagnosis.
_@0000185204
852 1 _9p1950 KES
908 _a140328
950 _@1
999 _c10423
_d10423